Na slovo s Lacom Novomeským

Podrobná bibliografia
Ďalší autori: Vanovič, Július, 1935-2020 (Tazateľ)
Médium: Článok
Jazyk:slovenčina
Predmet:

MARC

LEADER 00000nab a2200000uu 4500
001 vtls011521728
003 SK-MaSNL
005 20260304180842.0
008 230704|1968 xo |||||||||||||||||slo|
015 |a SNBRB 
035 |a (urnnbn)urn:nbn:sk:snk:ar-0022yd 
035 |a (uuid)c66eb82e-6890-4188-b01d-1dc44cc2f1f5 
035 |a urn:nbn:sk:snk-abe9wd 
040 |a SNKBUCL  |b slo  |c SNKBUCL  |e AACR2 
041 0 |a slo 
044 |a xo  |c SK 
100 1 |a Vanovič, Július,  |d 1935-2020  |4 ivr  |9 92142 
245 1 0 |a Na slovo s Lacom Novomeským  |c otázky kládol Július Vanovič 
600 1 7 |a Novomeský, Ladislav,  |d 1904-1976  |2 SNKMA  |9 75208 
655 7 |a rozhovory  |2 SNKPH  |9 31831 
700 1 |a Novomeský, Ladislav,  |d 1904-1976  |4 ive  |9 75208 
773 0 |t Slovenské pohľady  |g Roč. 84, č. 2 (1968), s. [2]-8 
850 |a Slovenská národná knižnica 
852 |a Slovenská národná knižnica 
954 |a odborná, vedecká literatúra pôvodná (slovenská)  |2 lita 
958 |a OND 
958 |a EUIPO 
958 |a article21 
999 |c 3020080  |d 3022010